| 000 | 00354cam a2200133ua 4500 | ||
|---|---|---|---|
| 999 |
_c4688 _d4688 |
||
| 003 | OSt | ||
| 008 | 180810b ||||| |||| 00| 0 eng d | ||
| 082 |
_a671 _bGRA/LO |
||
| 100 |
_aGraff, Heinz . _93257 |
||
| 245 | _aലോഹപ്പണി | ||
| 260 |
_aThiruvananthapuram : _bState Instititute of Languages , _c1972. |
||
| 300 | _a116 ; . | ||
| 942 | _cBK | ||